Lahirnja pantja-sila ; (Record no. 60300)

MARC details
000 -LEADER
fixed length control field 00688cam a22002171 4500
001 - CONTROL NUMBER
control field sa 64007506
003 - CONTROL NUMBER IDENTIFIER
control field DLC
005 - DATE AND TIME OF LATEST TRANSACTION
control field 20260227112047.0
008 - FIXED-LENGTH DATA ELEMENTS--GENERAL INFORMATION
fixed length control field 920729s1962 io 000 0 ind
010 ## - LIBRARY OF CONGRESS CONTROL NUMBER
LC control number sa 64007506
025 ## - OVERSEAS ACQUISITION NUMBER
Overseas acquisition number PL480:Indo-738
035 ## - SYSTEM CONTROL NUMBER
System control number (OCoLC)26283850
040 ## - CATALOGING SOURCE
Original cataloging agency DLC
Transcribing agency CU
Modifying agency CU
-- DLC
042 ## - AUTHENTICATION CODE
Authentication code premarc
050 00 - LIBRARY OF CONGRESS CALL NUMBER
Classification number DS644
Item number .S8122
100 0# - MAIN ENTRY--PERSONAL NAME
Personal name Soekarno,
Dates associated with a name 1901-1970.
245 10 - TITLE STATEMENT
Title Lahirnja pantja-sila ;
Remainder of title pidato pertama jang diutjapkan pada tg. 1 Djuni 1945.
Statement of responsibility, etc. Dikutip dari penerbitan Departemen Penerangan, penerbitan chusus no. 153.
260 ## - PUBLICATION, DISTRIBUTION, ETC.
Place of publication, distribution, etc. Djakarta,
Name of publisher, distributor, etc. Bwaro Niaga,
Date of publication, distribution, etc. [cover 1962]
300 ## - PHYSICAL DESCRIPTION
Extent 32 p.
Dimensions 21 cm.
650 #0 - SUBJECT ADDED ENTRY--TOPICAL TERM
Topical term or geographic name entry element Nationalism
Geographic subdivision Indonesia.

No items available.

Powered by Koha